000
00256nam a2200109Ia 4500
008
190216s9999||||xx |||||||||||||| ||und||
100
_a
Unnikrishnan Thiruvazhiyod
245
0
_a
Hippi
260
_b
Poorna Pubs Kozhikode
650
_a
Kavithkal
942
_c
BK
999
_c
26550
_d
26550